00363nam a2200109Ia 4500008004100000100001700041245006100058260001900119942000700138999001700145952009100162120527s9999 xx 000 0 und d aMCMURTRY, J. aUnequal freedoms the global market as an ethical systems bKumanian Press cBK c25506d25506 00104070aMAINbMAINcGENd2012-05-28l0p20109r2012-05-28 00:00:00w2012-05-28yBK